1837 1842 1527 1956 1518 1800 1129 1590 1632 1958 1500 1806 1249 1245 1577 1821 1917 1622 1154 1597 1623 1670 1806 1427 1540 1182 1409 1953 1003 1647 1866 1995 1129 1225 1192 1958 1219 1567 1888 1462 1380 1468 1633 1448 1620 1216 1562 1268 1827 1976 1316 1836 1560 1561 1396 1876 1668 1566 1764 1938 1109 1869 1365 1363 1630 1212 1271 1482 1449 1279 1065 1622 1498 1034 1202 1645 1125 1984 1651 1682 1685 1227 1941 1787 1751 1235 1220 1550 1045 1981 1555 1560 1139 1170 1890 1070 1746 1530 1006 BCNSPRNW ULIB Ver.6.0+V

เปลี่ยนเป็นภาษาไทย

Change to English
 แสดงรายละเอียดบรรณานุกรม
  กลับหน้าหลัก

Brief Record : Get Marc (ISO 2709) : E-mail record : QR code < ปิดหน้าต่าง
LEADER : 00000nam 2200000uu 4500
001    13399126608
003     ULIB
008    190122s2561||||th 000 0 tha d
020 ^  ^a9786164381773
060 ^  ^aWK820^bธ117ภ
100 0  ^aธงชัย ประฏิภาณวัตร.
245 1  ^aภาวะดื้อต่ออินซูลินและภาวะความผิดปกติที่เกี่ยวข้อง =^bInsulin resistance and it s related disorder /^cธงชัย ประฏิภาณวัตร.
246 ^  ^aInsulin resistance and it s related disorder
250 ^  ^aพิมพ์ครั้งที่ 1.
260 ^  ^aขอนแก่น :^bภาควิชาอายุรศาสตร์ คณะแพทยศาสตร์ มหาวิทยาลัยขอนแก่น,^c2561.
300 ^  ^a[ก]-ง, 325 หน้า :^bภาพประกอบ
650 ^  ^aการดื้ออินซูลิน.
650 ^  ^aการดื้ออินซูลิน^xภาวะแทรกซ้อน.
650 ^  ^aอินซูลิน^xการใช้รักษา.
694 ^  ^aHealth Sciences Branch.
710 2  ^aมหาวิทยาลัยขอนแก่น.^bคณะแพทยศาสตร์.^bภาควิชาอายุรศาสตร์
945    ^p500^l0^i004829
945    ^p500^l0^i004832
945    ^p500^l0^i004833
945    ^p500^l0^i004834
945    ^p500^l0^i004831
945    ^p500^l0^i004830
999    ^aประนอม เกษจรัล
รายการนี้ยังไม่มีแท็ก
คุณยังไม่ได้ล็อกอิน คุณสามารถมีกิจกรรมร่วมกับเว็บไซต์ได้ แต่ต้องล็อกอินก่อน ::
  ล็อกอิน

รายการสื่อสารสนเทศ

ลำดับที่ ประเภท เลขเรียก/บาร์โค้ด สถานที่ สถานะ
1. วิทยาศาสตร์การแพทย์ และสุขภาพ
หนังสือสำรอง
สถานะ=หนังสือสำรอง
WK820 ธ117ภ ฉ.1 
  Barcode: 004829
ห้องสมุดวิทยาเขตสวรรค์ประชารักษ์
►หนังสือทั่วไป
บนชั้น
2. วิทยาศาสตร์การแพทย์ และสุขภาพ
วิทยาศาสตร์การแพทย์ และสุขภาพ
WK820 ธ117ภ ฉ.2 
  Barcode: 004830
ห้องสมุดวิทยาเขตสวรรค์ประชารักษ์
►หนังสือทั่วไป
บนชั้น
3. วิทยาศาสตร์การแพทย์ และสุขภาพ
วิทยาศาสตร์การแพทย์ และสุขภาพ
WK820 ธ117ภ ฉ.3 
  Barcode: 004831
ห้องสมุดวิทยาเขตสวรรค์ประชารักษ์
►หนังสือทั่วไป
บนชั้น
4. วิทยาศาสตร์การแพทย์ และสุขภาพ
วิทยาศาสตร์การแพทย์ และสุขภาพ
WK820 ธ117ภ ฉ.4 
  Barcode: 004832
ห้องสมุดวิทยาเขตสวรรค์ประชารักษ์
►หนังสือทั่วไป
บนชั้น
5. วิทยาศาสตร์การแพทย์ และสุขภาพ
วิทยาศาสตร์การแพทย์ และสุขภาพ
WK820 ธ117ภ ฉ.5 
  Barcode: 004833
ห้องสมุดวิทยาเขตสวรรค์ประชารักษ์
►หนังสือทั่วไป
บนชั้น
6. วิทยาศาสตร์การแพทย์ และสุขภาพ
วิทยาศาสตร์การแพทย์ และสุขภาพ
WK820 ธ117ภ ฉ.6 
  Barcode: 004834
ห้องสมุดวิทยาเขตสวรรค์ประชารักษ์
►หนังสือทั่วไป
บนชั้น

รายการใกล้เคียง
    ผู้แต่ง [ธงชัย ประฏิภาณวัตร.]

    หัวเรื่อง [การดื้ออินซูลิน.]

BibComment


ยังไม่เคยถูกคอมเมนท์

คอมเมนท์ทรัพยากรรายการนี้
  คอมเมนท์: ภาวะดื้อต่ออินซู..


 Copyright 2026. Bcnsprnw @Library